Catholic University of Zimbabwe Library
Online Public Access Catalogue
(OPAC)

From Max Weber : (Record no. 130)

MARC details
000 -LEADER
fixed length control field 01768cam a22002651i 4500
001 - CONTROL NUMBER
control field 0000000152
005 - DATE AND TIME OF LATEST TRANSACTION
control field 20170406112421.0
008 - FIXED-LENGTH DATA ELEMENTS--GENERAL INFORMATION
fixed length control field 791105s1958 nyum b a000 0 eng d
019 ## -
-- 165396
-- 8393206
035 ## - SYSTEM CONTROL NUMBER
System control number (OCoLC)5654107
040 ## - CATALOGING SOURCE
Original cataloging agency TXR
Transcribing agency TXR
Modifying agency OCL
-- OCLCQ
-- BUF
100 1# - MAIN ENTRY--PERSONAL NAME
Personal name Weber, Max,
Dates associated with a name 1864-1920.
245 10 - TITLE STATEMENT
Title From Max Weber :
Remainder of title essays in sociology /
Statement of responsibility, etc. translated, edited, and with an introd., by H.H. Gerth and C. Wright Mills.
260 ## - PUBLICATION, DISTRIBUTION, ETC.
Place of publication, distribution, etc. New York :
Name of publisher, distributor, etc. Oxford University Press,
Date of publication, distribution, etc. 1958.
300 ## - PHYSICAL DESCRIPTION
Extent 490 p. :
Other physical details ill. ;
Dimensions 22 cm.
490 0# - SERIES STATEMENT
Series statement A galaxy book.
504 ## - BIBLIOGRAPHY, ETC. NOTE
Bibliography, etc. note Includes bibliographical references.
505 00 - FORMATTED CONTENTS NOTE
Miscellaneous information Introduction:
Title The man and his work:
Miscellaneous information 1.
Title A biographical view --
Miscellaneous information 2.
Title Political concerns --
Miscellaneous information 3.
Title Intellectual orientations --
Miscellaneous information pt. 1.
Title Science and politics:
Miscellaneous information 4.
Title Politics as a vocation --
Miscellaneous information 5.
Title Science as a vocation --
Miscellaneous information pt. 2.
Title Power:
Miscellaneous information 6.
Title Structures of power --
Miscellaneous information 7.
Title Class, status, party --
Miscellaneous information 8.
Title Bureaucracy --
Miscellaneous information 9.
Title The sociology of charismatic authority --
Miscellaneous information 10.
Title The meaning of discipline --
Miscellaneous information pt. 3.
Title Religion:
Miscellaneous information 11.
Title The social psychology of the world religions --
Miscellaneous information 12.
Title The Protestant sects and the spirit of capitalism --
Miscellaneous information 13.
Title Religious rejections of the world and their directions --
Miscellaneous information pt. 4.
Title Social structures:
Miscellaneous information 14.
Title Capitalism and rural society in Germany --
Miscellaneous information 15.
Title National character and the Junkers --
Miscellaneous information 16.
Title India: the Brahman and the castes --
Miscellaneous information 17.
Title The Chinese literati.
650 #0 - SUBJECT ADDED ENTRY--TOPICAL TERM
Topical term or geographic name entry element Social sciences.
700 1# - ADDED ENTRY--PERSONAL NAME
Personal name Gerth, Hans Heinrich,
Dates associated with a name 1908-.
Relator code edt.
-- trl.
700 1# - ADDED ENTRY--PERSONAL NAME
Personal name Mills, C. Wright
Fuller form of name (Charles Wright),
Dates associated with a name 1916-1962.
Relator code edt.
-- trl.
908 ## - PUT COMMAND PARAMETER (RLIN)
Put command parameter 130119
913 ## -
-- N
989 #7 -
-- from_max_weber_essays_in_sociology_______________________________1958490____oxa_______________________________
Holdings
Withdrawn status Lost status Source of classification or shelving scheme Damaged status Not for loan Home library Current library Shelving location Date acquired Total Checkouts Full call number Barcode Date last seen Copy number Price effective from Koha item type
          CUZ Harare Campus CUZ Harare Campus Open Shelf 06.04.2017   LIZ 752 GER BK0000203 05.02.2018 CUZ12114 06.04.2017 OS Book

OPENING HOURS

Weekdays: 0815hrs - 1800hrs
Weekends:0900hrs - 1200hrs

Closed for Mass:

Mon, Thur: 1200hrs - 1300hrs
Sunday & Public Holiday’s

CALL SUPPORT

0242-570570, 0242-570169
09200664, +263 8644140602

LOCATION

18443, Cranborne Avenue, Hatfield, Harare

Other Links


©2021 | CUZ Library